Výročná správa 2002 Protimonopolný úrad Slovenskej republiky
Salvato in:
| Natura: | Libro |
|---|---|
| Lingua: | slovacco inglese |
| Pubblicazione: |
Bratislava
Protimonopolný úrad Slovenskej republiky
2002
|
| Soggetti: | |
| Tags: |
Nessun Tag, puoi essere il primo ad aggiungerne!!
|
MARC
| LEADER | 00000nam$a2200000$$$4500 | ||
|---|---|---|---|
| 001 | 0038868 | ||
| 005 | 20240318114746.1 | ||
| 041 | 0 | |a slo | |
| 041 | 0 | |a eng | |
| 044 | |a SK | ||
| 245 | 1 | 0 | |a Výročná správa 2002 |b Protimonopolný úrad Slovenskej republiky |
| 264 | 1 | |a Bratislava |b Protimonopolný úrad Slovenskej republiky |c 2002 | |
| 300 | |a 41 s. | ||
| 610 | 2 | 0 | |a ochrana súťaže hospodárskej |
| 610 | 2 | 0 | |a politika protimonopolná |
| 610 | 2 | 0 | |a legislatíva |
| 610 | 2 | 0 | |a konkurencia |
| 610 | 2 | 0 | |a zákony |
| 610 | 2 | 0 | |a dohody |
| 610 | 2 | 0 | |a kontrola |
| 610 | 2 | 0 | |a súdy |
| 610 | 2 | 0 | |a normy právne |
| 610 | 2 | 0 | |a správa štátna |
| 610 | 2 | 0 | |a obce |
| 610 | 2 | 0 | |a privatizácia |
| 610 | 2 | 0 | |a dumping |
| 610 | 2 | 0 | |a spolupráca medzinárodná |
| 610 | 2 | 0 | |a integrácia ekonomická medzinárodná |
| 610 | 2 | 0 | |a projekty |
| 610 | 2 | 0 | |a Slovensko |
| 610 | 2 | 0 | |a Európska únia |
| 610 | 2 | 0 | |a 2002 |